• 首页
  • 本馆介绍
  • 公告通知
  • 最新文献
  • 馆藏检索
  • 电子资源
  • 读者导购
  • 参考咨询
  • 我的图书馆
  • 登录
  • 详细信息显示
  • 放入我的书架
  • 预约/预借图书
  • 作者相关作品
  • 分类相关作品
  • 丛书相关作品
  • 出版社相关作品

书目信息

  • 表格格式
  • 工作单格式
  • 卡片格式
题名:
运动医学
    
 
作者: 体育院.系教材编审委员会 著
分册:  
出版信息: 北京   人民体育出版社  1978.9
页数: 200页
开本: 26cm
丛书名:
单 册:
中图分类: R87
科图分类:
主题词: 运动医学
电子资源:
ISBN:
000 00521nam0 2200181 45
001 0181013221
005 20061122111041.90
010    @dCNY1.35
100    @a20810111d km y0chiy0120 ea
101 0  @achi
200 1  @Ayun dong yi xue@Fti yu yuan xi jiao cai bian sh@a运动医学@f体育院.系教材编审委员会著
210    @a北京@c人民体育出版社@d1978.9
215    @a200页@c无图表@d26cm
606 0  @a运动医学
690    @aR87@v3
701 0  @a体育院.系教材编审委员会@4著
801    @aCN@bTSTC@c20061122
905    @dR87@e6@f5@b94385-89
    
    运动医学/体育院.系教材编审委员会著.-北京:人民体育出版社,1978.9
    200页:无图表;26cm
    
    
    ISBN :CNY1.35
    
●
相关链接 在E读中查询图书 在五车中查询图书 在当当中查询图书 在豆瓣中查询图书


正题名:运动医学     索取号:R87/6         预约/预借

序号 登录号 条形码 馆藏地/架位号 状态 备注
1 0054387   000714034   密集书库/ [索取号:R87/6] 在馆    
2 0094389   000713954   第二样本阅览室/ [索取号:R87/6] 在馆    
3 0440556   204405562   密集书库/ [索取号:R87/6] 在馆    
4 0440557   204405571   密集书库/ [索取号:R87/6] 在馆    
5 0440558   204405580   密集书库/ [索取号:R87/6] 在馆    
6 0448629   204486298   密集书库/ [索取号:R87/6] 在馆    
7 0452467   204524675   密集书库/ [索取号:R87/6] 在馆    
8 0452468   204524684   密集书库/ [索取号:R87/6] 在馆    
9 0452469   204524693   密集书库/ [索取号:R87/6] 在馆    
10 0452470   204524700   密集书库/ [索取号:R87/6] 在馆    
11 0452471   204524719   密集书库/ [索取号:R87/6] 在馆    
12 0452472   204524728   密集书库/ [索取号:R87/6] 在馆    
13 0452473   204524737   密集书库/ [索取号:R87/6] 在馆    
14 0452474   204524746   密集书库/ [索取号:R87/6] 在馆    
15 0464954   204649540   密集书库/ [索取号:R87/6] 在馆    
16 0464955   204649559   密集书库/ [索取号:R87/6] 在馆    
唐山师范学院图书馆 欢迎您!
大连网信软件有限公司© 版权所有